=LDR 00000nam 2200000 4500 =001 NUTBA000000000001897 =005 20140522153459.0 =006 =007 =008 =020 ##$$a 978-979-29-3359-8 =035 ##$$a 0010-051400000000362 =040 ##$$a NBPDMAT =082 ##$$a 620.004.202.85 =090 ##$$a 620.004.202.85 $b Tri p =100 ##$$a Triono Subagio =245 ##$$a Potong kompas jalan : $b Mahir menggambar dan merencanakan proyek rumah tinggal dengan Autocad 2012 / $c Triono Subagio dan Daryanto =250 ##$$a Ed.1 =260 ##$$a Yogyakarta : $b Andi, $c 2013 =300 ##$$a viii, 208 hlm. : $b ilus. ; $c 23 cm. =650 ##$$a Computer Aided Design (CAD) =700 ##$$a Daryanto =850 ##$$a NBPDMAT =990 ##$$a 21400522 =990 ##$$a 21400613/BPAP-NTB/20142014 =990 ##$$a 21400613/BPAP-NTB/20142014 =990 ##$$a 21400613/BPAP-NTB/20142014 =990 ##$$a 21400613/BPAP-NTB/20142014 =990 ##$$a 21400613/BPAP-NTB/20142014 =990 ##$$a 21400613/BPAP-NTB/20142014 =990 ##$$a 21400613/BPAP-NTB/20142014 =990 ##$$a 21400613/BPAP-NTB/20142014